000 01157cam a2200313 a 4500
001 2088874
005 20250422162409.0
008 950815s1996 nyua b 001 0 eng
020 _a0070549850 (acidfree paper)
020 _a9780070549852
050 0 0 _aHA29
_b.R85 1996
082 0 0 _a519.5
_220
100 _aRunyon Richard P.
245 0 0 _aFundamentals of behavioral statistics.
_cRichard P. Runyon, Audrey Haber, David J. Pittenger & Kay A. Coleman
250 _a8th ed. /
260 _aNew York :
_bMcGraw-Hill,
_cc1996.
300 _axxv, 721 p. :
_bill. (some col.) ;
_c24 cm.
500 _aRev. ed. of: Fundamentals of behavioral statistics / Richard P. Runyon. 7th ed. c1991.
650 0 _aSocial sciences
_xStatistical methods.
650 0 _aStatistics.
650 2 _aPsychometrics.
650 2 _aStatistics.
700 1 _aHaber Audrey
700 1 _aPittenger David J.
700 1 _aColeman Kay A.
856 4 2 _3Publisher description
_uhttp://www.loc.gov/catdir/enhancements/fy0602/95038509-d.html
856 4 1 _3Table of contents only
_uhttp://www.loc.gov/catdir/enhancements/fy0602/95038509-t.html
942 _2lcc
_cBK
_e8th Ed.
_n0
999 _c5501
_d5501